भारत के त्यौहार / (Record no. 65705)

MARC details
000 -LEADER
fixed length control field 00826nam a22001937a 4500
005 - DATE AND TIME OF LATEST TRANSACTION
control field 20120427105414.0
020 ## - INTERNATIONAL STANDARD BOOK NUMBER
Terms of availability 15.00
International Standard Book Number
035 ## - SYSTEM CONTROL NUMBER
System control number A-63774
037 ## - SOURCE OF ACQUISITION
Source of stock number/acquisition
Stock number dpl
082 ## - DEWEY DECIMAL CLASSIFICATION NUMBER
Classification number 394.20954
100 ## - MAIN ENTRY--PERSONAL NAME
Personal name शर्मा, सुरेशचन्द्र
245 1# - TITLE STATEMENT
Title भारत के त्यौहार /
Statement of responsibility, etc सुरेशचन्द्र शर्मा
260 ## - PUBLICATION, DISTRIBUTION, ETC. (IMPRINT)
Place of publication, distribution, etc दिल्ली
Name of publisher, distributor, etc आत्माराम एण्ड संस
Date of publication, distribution, etc 1981
270 ## - ADDRESS
Address
City
Postal code
Telephone number
300 ## - PHYSICAL DESCRIPTION
Extent 216पृ.
Dimensions 22सेमी (सजिल्द)
490 ## - SERIES STATEMENT
Series statement
-- 45866
942 ## - ADDED ENTRY ELEMENTS (KOHA)
Institution code [OBSOLETE] dpl
Item type Hindi Books
Call number prefix
Source of classification or shelving scheme Dewey Decimal Classification
Classification part 394.20954
Call number suffix शर्मासु
Holdings
Withdrawn status Lost status Not for loan Collection code Home library Current library Date acquired Cost, normal purchase price Full call number Barcode Cost, replacement price Koha item type
      Non-fiction Sarojini Nagar Sarojini Nagar 27/04/2012 15.00 394.20954 शर्मासु A-63774 15.00 Hindi Books

© Delhi Public Library
Hit Counter
free hit counter